Capitales avec les noms les plus courts - Statistiques

Statistiques générales
  • Ce quiz a été pris 28 461 fois
  • Le résultat moyen est 18 sur 37
Statistiques - réponses
lettres capitale % Correct
Europe 5 Paris
93%
Europe 4 Rome
83%
Europe 4 Oslo
79%
Afrique 5 Alger
71%
Amérique du Sud 4 Lima
71%
Asie 5 Pékin
71%
Asie 5 Tokyo
71%
Afrique 5 Tunis
68%
Europe 4 Riga
67%
Europe 5 Berne
66%
Europe 4 Kiev
63%
Afrique 5 Rabat
62%
Amérique du Sud 5 Sucre/La Paz
59%
Amérique du Sud 5 Quito
53%
Asie 5 Séoul
53%
Europe 5 Minsk
52%
Europe 5 Sofia
52%
Asie 5 Dacca
48%
Afrique 5 Dakar
44%
Europe 5 Vaduz
44%
Afrique 4 Lomé
41%
Asie 4 Doha
40%
Asie 5 Hanoï
37%
Asie 5 Riyad
36%
Asie 5 Damas
35%
Afrique 5 Accra
32%
Asie 5 Sanaa
32%
Afrique 5 Le Cap
29%
Asie 5 Bakou
28%
Asie 4 Dili
28%
Asie 5 Amman
27%
Océanie 4 Suva
27%
Asie 4 Malé
26%
Océanie 4 Apia
23%
Afrique 5 Abuja
20%
Afrique 5 Praia
20%
Océanie 5 Yaren
18%
Aucun quiz correspondant
Distribution des résultats
% des personnes avec chaque résultat
Percentile par nombre de réponses
Votre historique - résultats
Vous n’avez pas pris ce quiz